Los historiadores
Guardat en:
| Autor principal: | |
|---|---|
| Format: | Llibre |
| Idioma: | espanyol |
| Publicat: |
Granada, España
Universidad de Granada; Universidad de Valencia,
2007
|
| Matèries: | |
| Etiquetes: |
Afegir etiqueta
Sense etiquetes, Sigues el primer a etiquetar aquest registre!
|
MARC
| LEADER | 00000nam a2200000 a 4500 | ||
|---|---|---|---|
| 001 | UCH1443 | ||
| 003 | CL-VaPUC | ||
| 005 | 20210602001532.0 | ||
| 008 | 090427e20070000sp |||||||||||||||||spa|d | ||
| 999 | |c 333481 |d 333479 | ||
| 020 | |a 9788433846365 | ||
| 040 | |c Pontificia Universidad Católica de Valparaíso | ||
| 082 | 0 | 4 | |a 907.2 SAL 2007 |2 21 |
| 100 | 0 | |a Sales, Véronique |e author |9 535931 | |
| 245 | 1 | 4 | |a Los historiadores |
| 260 | |a Granada, España |b Universidad de Granada; |b Universidad de Valencia, |c 2007 | ||
| 300 | |a 378 páginas | ||
| 583 | |a last modification |c 20171220 02:49:52 |k Rodrigo Vera | ||
| 650 | 0 | |a Historiadores |9 314498 | |
| 650 | 0 | |a Teoría de la historia |9 317951 | |
| 650 | 0 | |a Filosofía de la historia |9 265651 | |
| 942 | |c BK |2 ddc | ||
| 945 | |d 20090427 00:00:00 |a rbrito | ||
| 952 | |0 0 |1 0 |4 0 |6 907_200000000000000_SAL_2007_2007 |7 0 |8 A |9 421916 |a BIBHIS |b BIBHIS |d 2019-11-22 |i 4539141 |o 907.2 SAL 2007 2007 |p 4539141 |r 2025-01-20 |w 2019-11-22 |y BK |k HIS | ||